000 01137cab a2200361 4500
001 ABS59006
008 090401t1998 xxu||||| |||| 00| 0 eng d
035 _a(Sirsi) u87420
041 _aeng
100 _aSwallow, P.
245 _aGetting to know the building
260 _c1998
350 _a0
490 _aBuilding Engineer
_v73(6) July/August 1998, 12-15(4)
520 _aDiscusses the importance of understanding a building in undertaking a successful rehabilitation scheme. Considers the importance of surveys, sources of information, site visits, recording and diagnosing defects and some typical problems encountered.
650 _aBUILDING CONTROL
_96222
650 _aCLIENTS REQUIREMENTS
650 _aCOUNTY RECORDS OFFICE
650 _aDEFECTS
650 _aDESIGN
650 _aFEASIBILITY STUDY
650 _aHISTORY
650 _aLIBRARIES
650 _aMUSEUMS
650 _aNATIONAL MONUMENTS RECORD
650 _aPLANNING
650 _aREHABILITATION
650 _aSTRUCTURAL ALTERATIONS
650 _aSURVEYS
690 _aRefurbishment
_96264
942 _n0
948 _c16/07/1998
999 _c55131
_d55131